The birthday party and the room : Two plays
Guardat en:
| Autor principal: | |
|---|---|
| Format: | Llibre |
| Idioma: | Undetermined |
| Publicat: |
New York, Estados Unidos
Grove Press
1968
|
| Matèries: | |
| Etiquetes: |
Afegir etiqueta
Sense etiquetes, Sigues el primer a etiquetar aquest registre!
|
MARC
| LEADER | 00000nam a2200000Ia 4500 | ||
|---|---|---|---|
| 008 | 170316s9999 xx 000 0 und d | ||
| 040 | |a cru BVZT | ||
| 090 | |a 820 P-4b | ||
| 100 | |a Pinter, Harold | ||
| 245 | 4 | |a The birthday party and the room : Two plays | |
| 260 | |a New York, Estados Unidos | ||
| 260 | |b Grove Press | ||
| 260 | |c 1968 | ||
| 300 | |a 120 páginas | ||
| 650 | |a LITERATURA INGLESA | ||
| 999 | |c 7049 |d 7049 | ||
| 942 | |c 15 D |h 820 P-4b |2 z | ||
